000 00677nam a2200265Ia 4500
008 160803s9999 xx 000 0 und d
020 _a0 439059313
100 _aKeats, Ezra Jack
245 _aWhistle for Willie /
245 _cEzra Jack Keats.
260 _aNew York :
260 _bScholastic Inc.
260 _c1964
300 _aunnumbered pages :
300 _bcolor illustrations ;
300 _c20 x 23 cm.
500 _aOriginally published: New York : Viking, c1964.
650 _aAfrican Americans --
650 _aDogs --
650 _aWhistling --
650 _xFiction.
650 _xFiction.
650 _xFiction.
700 _a410
999 _c299312
_d299312